Elvis' Golden Records (1958) Track List - Statistics

General Stats
  • This quiz has been taken 13 times
  • The average score is 8 of 14
Answer Stats
Track Answer % Correct
4A Heartbreak Hotel
92%
1A Hound Dog
92%
5A Jailhouse Rock
92%
6A Love Me
85%
4B Love Me Tender
77%
3A All Shook Up
69%
1B Don't Be Cruel
62%
7B I Want You, I Need You, I Love You
54%
5B Treat Me Nice
46%
2A Loving You
31%
7A Too Much
31%
3B (Let Me Be Your) Teddy Bear
23%
2B That's When Your Heartaches Begin
23%
6B Any Way You Want Me (That's How I'll Be)
15%
No matching quizzes found
Score Distribution
Percent of People with Each Score
Percentile by Number Answered
Your Score History
You have not taken this quiz